| 000 | 00000nam##2200000za#4500 |
| 001 | 9.663737 |
| 003 | CaOODSP |
| 005 | 20210615121207 |
| 007 | ta |
| 008 | 150407|2002||||xxc||||| f|0| 0 eng|d |
| 020 | |a0-662-66563-5 |
| 040 | |aCaOODSP|beng |
| 041 | |aeng |
| 041 | |afre |
| 043 | |an-cn--- |
| 086 | 1 |aIu4-5/2002 |
| 110 | 1 |aCanada. |bIndustry Canada. |
| 245 | 10|aCanada's innovation strategy |
| 260 | |aOttawa - Ontario : |bIndustry Canada |c2002. |
| 300 | |aEnglish text, 15p. ; |c30 cm. + |eone CD-Rom, one bookmark and News Release, May 9, 2002 |
| 500 | |aIssued with a CD-Rom under the same title (Iu4-5-2002-1-MRC)in a folder |
| 520 | 3 |aThis collection of documents on Canada’s innovation strategy includes a summary of Achieving Excellence, the government's blueprint for investing in people, knowledge, and opportunity, as well as a do-it-yourself kit in both booklet and electronic format for Canadians wishing to organize their own discussions at the community level. A May 9, 2002, news release calls on business, labour, academia, the volunteer sector, and all Canadians to work together to define an action plan to achieve Canada's innovation strategy. |
| 563 | |aKit |
| 590 | |a02-26|b2002-06-28 |
| 690 | 07|aBusinesses|2gcpds |
| 690 | 07|aStrategies|2gcpds |
| 690 | 07|aTechnological innovation|2gcpds |
| 776 | 0#|tLa stratégie d'innovation du Canada : |w(CaOODSP)9.630775 |
| 776 | 0#|tCanada's innovation strategy : |w(CaOODSP)9.686299 |
| 792 | |tLa stratégie d'innovation du Canada |efre|w(CaOODSP)9.663738 |
| 986 | |a53702B |